Chelsea 2020s Premier League Starting XIs - Statistics

General Stats
  • This quiz has been taken 89 times
  • The average score is 44 of 55
Answer Stats
Season Position Country Player % Correct
2019/20 MF ๐Ÿ‡ซ๐Ÿ‡ท N'Golo Kante
95%
2020/21 MF ๐Ÿ‡ซ๐Ÿ‡ท N'Golo Kante
95%
2021/22 MF ๐Ÿ‡ซ๐Ÿ‡ท N'Golo Kante
95%
2021/22 FW ๐Ÿ‡ฉ๐Ÿ‡ช Kai Havertz
93%
2022/23 FW ๐Ÿ‡ฉ๐Ÿ‡ช Kai Havertz
93%
2019/20 GK ๐Ÿ‡ช๐Ÿ‡ธ Kepa Arrizabalaga
93%
2022/23 GK ๐Ÿ‡ช๐Ÿ‡ธ Kepa Arrizabalaga
93%
2020/21 DF ๐Ÿ‡ง๐Ÿ‡ท Thiago Silva
93%
2021/22 DF ๐Ÿ‡ง๐Ÿ‡ท Thiago Silva
93%
2022/23 DF ๐Ÿ‡ง๐Ÿ‡ท Thiago Silva
93%
2023/24 DF ๐Ÿ‡ง๐Ÿ‡ท Thiago Silva
93%
2019/20 DF ๐Ÿ‡ฉ๐Ÿ‡ฐ Andreas Christensen
92%
2021/22 DF ๐Ÿ‡ฉ๐Ÿ‡ฐ Andreas Christensen
92%
2020/21 FW ๐Ÿ‡ฉ๐Ÿ‡ช Timo Werner
92%
2020/21 GK ๐Ÿ‡ธ๐Ÿ‡ณ Edouard Mendy
91%
2021/22 GK ๐Ÿ‡ธ๐Ÿ‡ณ Edouard Mendy
91%
2019/20 MF ๐Ÿด๓ ง๓ ข๓ ฅ๓ ฎ๓ ง๓ ฟ Mason Mount
91%
2020/21 MF ๐Ÿด๓ ง๓ ข๓ ฅ๓ ฎ๓ ง๓ ฟ Mason Mount
91%
2021/22 MF ๐Ÿด๓ ง๓ ข๓ ฅ๓ ฎ๓ ง๓ ฟ Mason Mount
91%
2022/23 MF ๐Ÿด๓ ง๓ ข๓ ฅ๓ ฎ๓ ง๓ ฟ Mason Mount
91%
2021/22 DF ๐Ÿ‡ฉ๐Ÿ‡ช Antonio Rudiger
89%
2019/20 FW ๐Ÿ‡บ๐Ÿ‡ธ Christian Pulisic
89%
2023/24 FW ๐Ÿด๓ ง๓ ข๓ ฅ๓ ฎ๓ ง๓ ฟ Cole Palmer
89%
2022/23 MF ๐Ÿ‡ฆ๐Ÿ‡ท Enzo Fernandez
88%
2023/24 MF ๐Ÿ‡ฆ๐Ÿ‡ท Enzo Fernandez
88%
2019/20 DF ๐Ÿ‡ช๐Ÿ‡ธ Cesar Azpilicueta
86%
2020/21 DF ๐Ÿ‡ช๐Ÿ‡ธ Cesar Azpilicueta
86%
2021/22 DF ๐Ÿ‡ช๐Ÿ‡ธ Cesar Azpilicueta
86%
2020/21 DF ๐Ÿด๓ ง๓ ข๓ ฅ๓ ฎ๓ ง๓ ฟ Reece James
85%
2021/22 DF ๐Ÿด๓ ง๓ ข๓ ฅ๓ ฎ๓ ง๓ ฟ Reece James
85%
2019/20 MF ๐Ÿ‡ญ๐Ÿ‡ท Mateo Kovacic
84%
2020/21 MF ๐Ÿ‡ญ๐Ÿ‡ท Mateo Kovacic
84%
2020/21 DF ๐Ÿด๓ ง๓ ข๓ ฅ๓ ฎ๓ ง๓ ฟ Ben Chilwell
82%
2023/24 MF ๐Ÿ‡ช๐Ÿ‡จ Moises Caicedo
81%
2023/24 FW ๐Ÿ‡ธ๐Ÿ‡ณ Nicolas Jackson
81%
2022/23 DF ๐Ÿ‡ช๐Ÿ‡ธ Marc Cucurella
73%
2023/24 DF ๐Ÿ‡ช๐Ÿ‡ธ Marc Cucurella
73%
2022/23 FW ๐Ÿด๓ ง๓ ข๓ ฅ๓ ฎ๓ ง๓ ฟ Raheem Sterling
73%
2023/24 FW ๐Ÿด๓ ง๓ ข๓ ฅ๓ ฎ๓ ง๓ ฟ Raheem Sterling
73%
2022/23 DF ๐Ÿ‡ธ๐Ÿ‡ณ Kalidou Koulibaly
70%
2021/22 DF ๐Ÿ‡ช๐Ÿ‡ธ Marcos Alonso
70%
2019/20 FW ๐Ÿ‡ง๐Ÿ‡ท Willian
69%
2023/24 GK ๐Ÿ‡ท๐Ÿ‡ธ Dorde Petrovic
68%
2023/24 DF ๐Ÿ‡ซ๐Ÿ‡ท Axel Disasi
62%
2019/20 DF ๐Ÿ‡ซ๐Ÿ‡ท Kurt Zouma
62%
2020/21 DF ๐Ÿ‡ซ๐Ÿ‡ท Kurt Zouma
62%
2019/20 FW ๐Ÿด๓ ง๓ ข๓ ฅ๓ ฎ๓ ง๓ ฟ Tammy Abraham
59%
2022/23 MF ๐Ÿด๓ ง๓ ข๓ ฅ๓ ฎ๓ ง๓ ฟ Conor Gallagher
57%
2023/24 MF ๐Ÿด๓ ง๓ ข๓ ฅ๓ ฎ๓ ง๓ ฟ Conor Gallagher
57%
2019/20 MF ๐Ÿ‡ง๐Ÿ‡ท Jorginho
57%
2020/21 MF ๐Ÿ‡ง๐Ÿ‡ท Jorginho
57%
2021/22 MF ๐Ÿ‡ง๐Ÿ‡ท Jorginho
57%
2023/24 DF ๐Ÿด๓ ง๓ ข๓ ฅ๓ ฎ๓ ง๓ ฟ Levi Colwill
55%
2022/23 DF ๐Ÿด๓ ง๓ ข๓ ฅ๓ ฎ๓ ง๓ ฟ Trevoh Chalobah
47%
2022/23 FW ๐Ÿด๓ ง๓ ข๓ ฅ๓ ฎ๓ ง๓ ฟ Ruben Loftus-Cheek
34%
No matching quizzes found
Score Distribution
Percent of People with Each Score
Percentile by Number Answered
Your Score History
You have not taken this quiz